[Event "Let's Play Chess!"]
[Site "http://www.queenalice.com/game.php?id=1339259"]
[Date "2015.2.4"]
[Round "-"]
[White "strontcan"]
[Black "digger"]
[Result "0-1"]
[WhiteElo "1691"]
[BlackElo "1577"]

1. e4 e5 2. Nf3 d6 3. d4 Nc6 4. Bb5 Bd7 5. Nc3 Qf6 6. O-O O-O-O 7. d5 Nce7 8.
Bxd7+ Rxd7 9. Bg5 Qg6 10. Be3 Nf6 11. Nh4 Qg4 12. Qxg4 Nxg4 13. Rfe1 h6 14. h3
Nf6 15. Nf3 g5 16. g4 Kb8 17. Nb5 b6 18. a4 Nxe4 19. a5 Nxd5 20. Bxb6 axb6 21.
Rxe4 Kb7 22. axb6 cxb6 23. Ra7+ Kc6 24. Rxd7 Kxd7 25. Nc3 Nf4 26. Kh2 Ng6 27.
Nd5 Kc6 28. Nc3 f6 29. Ra4 Nf4 30. Ne4 Be7 31. Ng3 Kb5 32. Ra7 Nd5 33. Nf5 Bd8
34. Nxd6+ Kc6 35. Nf7 Rf8 36. Nxh6 Bc7 37. Nf5 b5 38. c3 Bb6 0-1

[Event "Let's Play Chess!"]
[Site "http://www.queenalice.com/game.php?id=1339260"]
[Date "2015.2.5"]
[Round "-"]
[White "Manoeljoaquim"]
[Black "strontcan"]
[Result "1/2-1/2"]
[WhiteElo "1871"]
[BlackElo "1812"]

1. e4 c5 2. Nf3 d6 3. c4 g6 4. Nc3 Bg7 5. d3 Nf6 6. Be2 Nc6 7. Bd2 O-O 8. Qc1 a6
9. Nd5 Nxd5 10. cxd5 Nd4 11. Nxd4 Bxd4 12. Bc3 Bg7 13. Bxg7 Kxg7 14. f4 Qa5+ 15.
Qd2 Qxd2+ 16. Kxd2 b5 17. a3 Bd7 18. Rac1 Rac8 19. Rhg1 a5 20. g4 b4 21. axb4
axb4 22. h4 h6 23. f5 Ba4 24. Ra1 Bb5 25. Ra7 Rfe8 26. h5 Rcd8 27. fxg6 fxg6 28.
Rb7 Rb8 29. Rxb8 Rxb8 30. g5 hxg5 31. Rxg5 Be8 32. Bg4 Kh7 33. hxg6+ Bxg6 34.
Be6 Rf8 1/2-1/2

[Event "Let's Play Chess!"]
[Site "http://www.queenalice.com/game.php?id=1339978"]
[Date "2015.2.7"]
[Round "-"]
[White "strontcan"]
[Black "Bategoll"]
[Result "1-0"]
[WhiteElo "1767"]
[BlackElo "1825"]

1. e4 e5 2. Nf3 d6 3. d4 Qf6 4. Nc3 exd4 5. Nxd4 c6 6. Be2 Nd7 7. O-O Ne7 8. Be3
h6 9. f4 c5 10. Ndb5 Rb8 11. Nxd6+ Kd8 12. e5 Qe6 13. Bc4 Qg6 14. Nxf7+ 1-0

[Event "Let's Play Chess!"]
[Site "http://www.queenalice.com/game.php?id=1339979"]
[Date "2015.2.7"]
[Round "-"]
[White "strontcan"]
[Black "Bategoll"]
[Result "1/2-1/2"]
[WhiteElo "1809"]
[BlackElo "1847"]

1. e4 e5 2. Nf3 Nc6 3. Bb5 Nf6 4. d3 Bc5 5. O-O O-O 6. Bxc6 dxc6 7. Nxe5 Be6 8.
Bf4 Qe7 9. Nd2 Rfd8 10. Ndf3 Ng4 11. Nxg4 Bxg4 12. h3 Bh5 13. g4 Bg6 14. Be3
Bxe3 15. fxe3 Bxe4 16. Qe2 Bxf3 17. Rxf3 Qd6 18. Raf1 Rf8 19. Qf2 Qg6 20. e4 b6
21. Kh2 a5 22. Qg3 Rad8 23. Qxc7 Rb8 24. a4 h6 25. Qe5 Rbc8 26. Qf5 Qd6+ 27. Qf4
Qc5 28. Qd2 Qe5+ 29. Kg2 1/2-1/2

[Event "Let's Play Chess!"]
[Site "http://www.queenalice.com/game.php?id=1341773"]
[Date "2015.2.15"]
[Round "-"]
[White "strontcan"]
[Black "Bategoll"]
[Result "0-1"]
[WhiteElo "1834"]
[BlackElo "1856"]

1. e4 e5 2. Nf3 Nc6 3. Bb5 Nf6 4. d3 Qe7 5. O-O a6 6. Bxc6 dxc6 7. Nc3 Bg4 8. h3
Bh5 9. Bg5 h6 10. Bxf6 Qxf6 11. g4 Bg6 12. a3 Bd6 13. d4 O-O-O 14. d5 cxd5 15.
Nxd5 Qe6 16. Re1 h5 17. Nd2 Kb8 18. Nc4 hxg4 19. Qxg4 Rxh3 20. Qxe6 fxe6 21. Nc3
Bc5 22. Nxe5 Bh5 23. Nc4 Bf3 24. Ne5 Rh1# 0-1

[Event "Let's Play Chess!"]
[Site "http://www.queenalice.com/game.php?id=1341774"]
[Date "2015.2.15"]
[Round "-"]
[White "Bategoll"]
[Black "strontcan"]
[Result "0-1"]
[WhiteElo "1833"]
[BlackElo "1814"]

1. e4 c5 2. Nf3 d6 3. d4 cxd4 4. Nxd4 Nf6 5. Bb5+ Bd7 6. Bxd7+ Nbxd7 7. Nc3 g6
8. Bf4 e5 9. Bg3 exd4 10. Qxd4 Nc5 11. O-O-O Bg7 12. Qe3 O-O 13. Bxd6 Re8 14.
Bxc5 Qa5 15. Ba3 b5 16. Qc5 Nxe4 17. Nxe4 Rxe4 18. Rhe1 Rxe1 19. Bb4 Rxd1+ 20.
Kxd1 Qd8+ 21. Kc1 Bh6+ 0-1

[Event "Let's Play Chess!"]
[Site "http://www.queenalice.com/game.php?id=1342345"]
[Date "2015.2.18"]
[Round "-"]
[White "charles31"]
[Black "strontcan"]
[Result "1/2-1/2"]
[WhiteElo "1702"]
[BlackElo "1839"]

1. d4 Nf6 2. Nc3 d5 3. h3 Bf5 4. Bf4 c6 5. Nf3 h6 6. a3 e6 7. e3 Bd6 8. Bd3 Bxd3
9. Qxd3 Bxf4 10. exf4 O-O 11. g4 h5 12. g5 Nfd7 13. Ne5 Nxe5 14. dxe5 g6 15. h4
Nd7 16. O-O-O Nc5 17. Qe2 a5 18. Rd4 Qb6 1/2-1/2

[Event "Let's Play Chess!"]
[Site "http://www.queenalice.com/game.php?id=1342346"]
[Date "2015.2.18"]
[Round "-"]
[White "strontcan"]
[Black "charles31"]
[Result "0-1"]
[WhiteElo "1774"]
[BlackElo "1715"]

1. e4 e5 2. Nf3 d6 3. d4 exd4 4. Nxd4 a6 5. Nc3 Be6 6. Nxe6 fxe6 7. Be2 Nc6 8.
O-O Qf6 9. Bf3 Ne5 10. Be2 Be7 11. f4 Nc6 12. e5 dxe5 13. fxe5 Qxe5 14. Bf4 Qc5+
15. Kh1 Nd4 16. Be3 Bf6 17. Ne4 Qd5 18. Nxf6+ Nxf6 19. Qxd4 Rd8 20. Qxd5 exd5
21. Bg5 Rd6 22. Bd3 Rf8 23. Rae1+ Kd7 24. a4 c5 25. a5 h6 26. Bf5+ Kc6 27. Re6
Rxe6 28. Bxe6 hxg5 0-1

[Event "Let's Play Chess!"]
[Site "http://www.queenalice.com/game.php?id=1342347"]
[Date "2015.2.18"]
[Round "-"]
[White "charles31"]
[Black "strontcan"]
[Result "1-0"]
[WhiteElo "1697"]
[BlackElo "1747"]

1. Nc3 c5 2. e4 Nc6 3. d3 g6 4. Nf3 Bg7 5. Be3 d6 6. Be2 Nf6 7. h3 O-O 8. g4 a6
9. g5 Nd7 10. h4 Nde5 11. h5 Nxf3+ 12. Bxf3 Nd4 13. hxg6 fxg6 14. Be2 Nxe2 15.
Qxe2 e5 16. f3 Be6 17. Qh2 Kf7 18. f4 Rh8 19. fxe5 Bxe5 20. Bf4 Bxf4 21. Qxf4+
Kg7 22. O-O-O Qf8 23. Qh4 b5 24. Rdf1 Qe7 25. Rh2 Raf8 26. Qh6+ Kg8 27. Qxf8+
Qxf8 28. Rxf8+ 1-0

[Event "Let's Play Chess!"]
[Site "http://www.queenalice.com/game.php?id=1342350"]
[Date "2015.2.18"]
[Round "-"]
[White "strontcan"]
[Black "charles31"]
[Result "0-1"]
[WhiteElo "1794"]
[BlackElo "1695"]

1. e4 e5 2. Nf3 d6 3. d4 exd4 4. Nxd4 Be6 5. Nxe6 fxe6 6. Nc3 a6 7. Bc4 Qf6 8.
Qg4 Kd7 9. Bg5 Qf7 10. O-O Nf6 11. Bxf6 gxf6 12. a4 c6 13. a5 h5 14. Qe2 Kc7 15.
Kh1 Bh6 16. f4 Nd7 17. f5 Ne5 18. Bxe6 Qg7 19. Na4 Bg5 20. Nb6 Rae8 21. Rfd1 Nf7
22. Qd3 Rd8 0-1

[Event "Let's Play Chess!"]
[Site "http://www.queenalice.com/game.php?id=1342367"]
[Date "2015.2.18"]
[Round "-"]
[White "Delbo"]
[Black "strontcan"]
[Result "1-0"]
[WhiteElo "2181"]
[BlackElo "1831"]

1. d4 Nf6 2. c4 g6 3. Nc3 d5 4. Nf3 Bg7 5. e3 O-O 6. Be2 c5 7. dxc5 Qa5 8. O-O
dxc4 9. Qd4 Na6 10. Qxc4 Qxc5 11. Qh4 Nb4 12. e4 e6 13. Be3 Qh5 14. Qxh5 Nxh5
15. Bc5 1-0

[Event "Let's Play Chess!"]
[Site "http://www.queenalice.com/game.php?id=1342368"]
[Date "2015.2.18"]
[Round "-"]
[White "strontcan"]
[Black "Delbo"]
[Result "0-1"]
[WhiteElo "1659"]
[BlackElo "2186"]

1. e4 g6 2. d4 Bg7 3. Nc3 d6 4. Be2 Nf6 5. Nf3 O-O 6. O-O Nbd7 7. Bg5 h6 8. Be3
c5 9. Qd2 Ng4 10. Rfd1 Nxe3 11. Qxe3 cxd4 12. Nxd4 Ne5 13. h3 Nc6 14. Nxc6 bxc6
15. Bf3 Qc7 16. Qc1 Rb8 17. Rb1 Be6 18. a3 Bxc3 19. bxc3 Rxb1 20. Qxb1 Rb8 21.
Qc1 Qa5 22. Qa1 Rb6 23. Rd4 Ra6 0-1

[Event "Challenge"]
[Site "http://www.queenalice.com/game.php?id=1345717"]
[Date "2015.3.5"]
[Round "-"]
[White "tucuman"]
[Black "strontcan"]
[Result "1-0"]
[WhiteElo "1646"]
[BlackElo "1657"]

1. b3 Nf6 2. Bb2 g6 3. d3 Bg7 4. e3 O-O 5. h3 d6 6. g3 e5 7. Bg2 Qe8 8. Nd2 Nc6
9. a3 Rb8 10. Ne2 Be6 11. c4 1-0

[Event "Let's Play Chess!"]
[Site "http://www.queenalice.com/game.php?id=1345769"]
[Date "2015.3.5"]
[Round "-"]
[White "strontcan"]
[Black "Bategoll"]
[Result "0-1"]
[WhiteElo "1729"]
[BlackElo "1959"]

1. e4 e5 2. Nf3 Nc6 3. Bb5 Nf6 4. O-O a6 5. Ba4 Be7 6. Re1 b5 7. Bb3 Na5 8. Nxe5
Nxb3 9. axb3 Bb7 10. d3 d6 11. Nf3 O-O 12. Nc3 c5 13. Bf4 b4 14. Nb1 a5 15. Nbd2
Re8 16. Nc4 d5 17. exd5 Nxd5 18. Bg3 Bf6 19. Be5 Bxe5 20. Nfxe5 Qf6 21. Nd7
Rxe1+ 22. Qxe1 Qg6 23. Nxc5 Nf4 24. Ne3 Bxg2 0-1

[Event "Let's Play Chess!"]
[Site "http://www.queenalice.com/game.php?id=1345770"]
[Date "2015.3.5"]
[Round "-"]
[White "Bategoll"]
[Black "strontcan"]
[Result "1-0"]
[WhiteElo "1924"]
[BlackElo "1756"]

1. e4 e5 2. Nf3 Nc6 3. Bb5 Nf6 4. O-O Nxe4 5. c3 Nd6 6. Ba4 e4 7. Bxc6 dxc6 8.
Re1 Be7 9. Nd4 O-O 10. d3 exd3 11. Qxd3 Bf6 12. Be3 Bxd4 13. Qxd4 Be6 14. Nd2
Nf5 15. Qxd8 Raxd8 16. Ne4 Nxe3 17. Rxe3 Rfe8 18. Nc5 Bc8 19. Rxe8+ Rxe8 20. h3
b6 21. Nd3 c5 22. Rd1 Rd8 23. b3 1-0

[Event "AUTO-ADV-3370"]
[Site "http://www.queenalice.com/game.php?id=1346052"]
[Date "2015.3.6"]
[Round "1"]
[White "Antero"]
[Black "strontcan"]
[Result "1-0"]
[WhiteElo "1793"]
[BlackElo "1670"]

1. c4 Nf6 2. Nc3 g6 3. e4 d6 4. Be2 Bg7 5. Nf3 O-O 6. O-O e5 7. a3 Nc6 8. d3 Ne8
9. b4 f5 10. Re1 Nf6 11. h3 fxe4 12. dxe4 Be6 13. Bg5 Qe8 14. Bxf6 Rxf6 15. Nd5
Bxd5 16. cxd5 Nd4 17. Nxd4 exd4 18. Bd3 1-0

[Event "AUTO-ADV-3370"]
[Site "http://www.queenalice.com/game.php?id=1346053"]
[Date "2015.3.6"]
[Round "1"]
[White "strontcan"]
[Black "Antero"]
[Result "0-1"]
[WhiteElo "1618"]
[BlackElo "1824"]

1. e4 c5 2. Nf3 Nc6 3. d4 cxd4 4. Nxd4 Nxd4 5. Qxd4 e6 6. Nc3 b6 7. Bf4 Nf6 8.
Bd6 Bxd6 9. Qxd6 Bb7 10. f3 Rc8 11. O-O-O Rc6 12. Qd4 O-O 13. Bb5 Rc7 14. g4 a6
15. Bc4 b5 0-1

[Event "AUTO-ADV-3370"]
[Site "http://www.queenalice.com/game.php?id=1346068"]
[Date "2015.3.6"]
[Round "1"]
[White "strontcan"]
[Black "Shizumaru_Hisame"]
[Result "0-1"]
[WhiteElo "1624"]
[BlackElo "1875"]

1. e4 e5 2. Nf3 Nc6 3. Bb5 Bd6 4. O-O Nce7 5. d3 a6 6. Bc4 b5 7. Bb3 a5 8. c3 a4
9. Bc2 f5 10. Bg5 h6 11. Bxe7 Nxe7 12. Nbd2 O-O 0-1

[Event "AUTO-ADV-3370"]
[Site "http://www.queenalice.com/game.php?id=1346069"]
[Date "2015.3.6"]
[Round "1"]
[White "Shizumaru_Hisame"]
[Black "strontcan"]
[Result "1-0"]
[WhiteElo "1869"]
[BlackElo "1630"]

1. e4 e5 2. Bc4 Bc5 3. d3 Nf6 4. Nf3 O-O 5. Nxe5 d5 6. exd5 Re8 7. Bf4 Bd4 8.
Nc3 Bxe5 9. Bxe5 Rxe5+ 10. Kf1 Bg4 11. f3 Bf5 12. g4 1-0

[Event "OS INCLIVEIS"]
[Site "http://www.queenalice.com/game.php?id=1346380"]
[Date "2015.3.8"]
[Round "-"]
[White "adelio"]
[Black "strontcan"]
[Result "1-0"]
[WhiteElo "1701"]
[BlackElo "1722"]

1. d4 Nf6 2. c4 g6 3. Nc3 d5 4. Nxd5 Nxd5 5. cxd5 Qxd5 6. Nf3 Bg7 7. e3 O-O 8.
b3 c5 9. Bd2 Nc6 10. Bc4 Qd6 11. Ng5 cxd4 12. Nxf7 Rxf7 13. Bxf7+ Kxf7 14. Qf3+
Kg8 15. Rd1 1-0

[Event "OS INCLIVEIS"]
[Site "http://www.queenalice.com/game.php?id=1346381"]
[Date "2015.3.8"]
[Round "-"]
[White "strontcan"]
[Black "adelio"]
[Result "0-1"]
[WhiteElo "1815"]
[BlackElo "1701"]

1. e4 a6 2. d4 c5 3. Nf3 Nc6 4. Nc3 d6 5. Be2 e6 6. O-O Be7 7. Bf4 cxd4 8. Nxd4
e5 9. Nxc6 bxc6 10. Be3 g6 11. Qd2 h5 12. f4 h4 13. h3 Bxh3 14. gxh3 Nh6 15.
fxe5 dxe5 16. Bxh6 Bc5+ 0-1